000 00358nam a2200133Ia 4500
008 100328s9999 xx 000 0 und d
082 _b39274
100 _aपठाण यू.म.
245 _aपाउलखुणा
260 _bदिलीपराज
630 _aपाउलखुणा
730 _aपाउलखुणा
942 _cBOOK
999 _c528254
_d528251